Representation theory of finite groups
Saved in:
| Hovedforfatter: | |
|---|---|
| Format: | Bog |
| Sprog: | engelsk |
| Udgivet: |
Nueva York
Dover Publications
1993
|
| Udgivelse: | 1a. ed |
| Fag: | |
| Tags: |
Tilføj Tag
Ingen Tags, Vær først til at tagge denne postø!
|
MARC
| LEADER | 00000cam a2200000 a 4500 | ||
|---|---|---|---|
| 001 | UCD7376 | ||
| 003 | CL-VaPUC | ||
| 008 | 170317e19930000us |||||||||||||||||eng|d | ||
| 020 | |a 0486674878 | ||
| 082 | 0 | 4 | |a 512.2 |b BUR |2 21 |
| 100 | 0 | |a Burrow, Martin |e author |9 591387 | |
| 245 | 1 | 0 | |a Representation theory of finite groups |
| 250 | |a 1a. ed | ||
| 300 | |a 184 p | ||
| 942 | |c BK | ||
| 945 | |d 20170317 22:16:00 |a arojas | ||
| 260 | |a Nueva York |b Dover Publications |c 1993 | ||
| 650 | 0 | |a Teoría de grupos |9 270028 | |
| 650 | 0 | |a Grupos finitos |9 270201 | |
| 650 | 0 | |a Teoría de números |9 265327 | |
| 583 | |a last modification |c 20170317 22:16:00 |k Rodrigo Vera | ||
| 999 | |c 367437 |d 367435 | ||
| 952 | |0 0 |1 0 |3 erb |4 0 |6 512_200000000000000_BUR_1993 |7 0 |8 A |9 482305 |a BIBMAT |b BIBMAT |i 5367115 |o 512.2 BUR 1993 |p 5367115 |r 2025-01-07 |w 2019-11-24 |y BK |z Catalogado en:20170317 |k MAT | ||